| 000 | 00677nam a2200229Ia 4500 | ||
|---|---|---|---|
| 003 | OSt | ||
| 005 | 20220927105112.0 | ||
| 006 | a|||||r|||| 00| 0 | ||
| 007 | ta | ||
| 008 | 220926b |||||||| |||| 00| 0 eng d | ||
| 024 | _a187112 | ||
| 037 | _cReference Collections | ||
| 040 |
_aRTL _cRTL _beng |
||
| 041 |
_2eng _aeng |
||
| 082 | _a"X:8:(B), L9" | ||
| 100 |
_aECK R.D. _9370148 |
||
| 245 | 0 |
_aQ M _b An introduction to quantitative methods for business application. |
|
| 260 |
_aCalifornia _b"Wadsworth publishing Company, Inc. " _c1979 |
||
| 300 |
_a"xiii,539p." _ccm. |
||
| 942 |
_h"X:8:(B), L9" _cCC |
||
| 999 |
_c690650 _d690650 |
||